| 000 | 00681cab a2200229 4500 | ||
|---|---|---|---|
| 001 | WB3418-47 | ||
| 008 | 090401t1998 xxu||||| |||| 00| 0 eng d | ||
| 035 | _a(Sirsi) u86230 | ||
| 041 | _aeng | ||
| 245 | _aRail link | ||
| 260 | _c1998 | ||
| 350 | _a0 | ||
| 490 |
_aFinancial Times _v15 May 1998, 10(1) |
||
| 520 | _aA study by the Corporation of London shows that Crossrail (the east-west main line rail link under London) could be financed by the private sector. | ||
| 650 | _aCORPORATION OF LONDON | ||
| 650 | _aCROSSRAIL | ||
| 650 | _aPRIVATE SECTOR FINANCE | ||
| 650 | _aRAIL LINK | ||
| 690 | _aTRANSPORT AND COMMUNICATIONS | ||
| 942 | _n0 | ||
| 948 | _c15/05/1998 | ||
| 999 |
_c54245 _d54245 |
||